Portmanteau place names - Statistics

General Stats
  • This quiz has been taken 33 times
  • The average score is 4 of 8
Answer Stats
Hint Answer % Correct
Eurasia Europe, Asia
93%
Mexicali Mexico, California
93%
Benelux Belgium, Netherlands, Luxembourg
80%
Tanzania Tanganyika, Zanzibar
53%
SoHo (New York City) South of Houston Street
30%
Soweto South Western Townships
27%
Tribeca Triangle Below Canal
20%
Texarkana Texas, Arkansas, Louisiana
17%
No matching quizzes found
Score Distribution
Percent of People with Each Score
Percentile by Number Answered
Your Score History
You have not taken this quiz